000 00694nam a2200205 4500
001 127993
003 ES-MaACL
005 20230906193132.0
007 t|
008 070214s1973 sp r ||||1| spa d
100 1 _aRíos González, José Antonio.
_997383
245 1 0 _aInterrogantes de la pedagogía familiar /
_cJosé Antonio Ríos González, María Angeles Perearnau Torras.
260 _aMadrid :
_bParaninfo,
_c1973.
300 _a91 p. ;
_c24 cm.
490 1 _aBiblioteca de iniciación educativa
700 1 _aPerearnau Torras, María Angeles.
_990442
830 0 _aBiblioteca de iniciación educativa
_9219228
852 _aES-MaACL
_jC-53817
_bR.86910
999 _c127993
_d127993